000 01996cam a22005294i 4500
003 PE-LiUPU
005 20250731173256.0
008 150616s r 000 0 d
020 _a8429305629
035 _a(Sirsi) i9788429305623
040 _aPE-LiUPU
_bspa
_cPE-LiUPU
_erda
049 _aPRUA
082 0 4 _b
_221
100 1 _aGonzalez Faus, José Ignacio,
_eautor.
245 1 0 _aEste es el hombre: Estudios sobre identidad cristiana y realización humana.
264 1 _aSantander :
_bSal Terrae,
_c1980].
300 _a316 páginas ;
_c21 centímetros
336 _atext
_2rdacontent
337 _aunmediated
_2rdamedia
338 _avolume
_2rdacarrier
490 0 _aPresencia teológica ;
_v5
500 _aOtra edición: 1987.
504 _aNotas Bibliograficas.
505 0 _aDatos teológicos -- Consecuencias eclesiológicas -- Espiritualidad. Hacia una praxis de la identidad cristiana.
526 _aSEG42
526 _aSEG41
526 _aSEG40
526 _aSEG39
526 _aP94
526 _aP87
526 _aP86
526 _aP85
526 _aP77
526 _aP76
526 _aP35
650 0 4 _aTEOLOGIA SOCIAL.
910 _ajck
_bjvq
_cjck
942 _2ddc
_cBOOK
949 _a261.83 G71
_wDEWEY
_c1
_i28694
_lCCODEBUL1
_mBUL
_r0
_sY
_tBOOK
_u2015-4-23
_xTEOLOGIA
_zUNKNOWN
_0COMPRA
_o.STAFF. Colección General
949 _a261.83 G71
_wDEWEY
_c2
_i19548
_lCCODEBUL1
_mBUL
_r0
_sY
_tBOOK
_u2015-6-16
_xTEOLOGIA
_zUNKNOWN
_0COMPRA
_o.STAFF. Colección General
994 _aC0
_bPEPRU
596 _a1
999 _a261.83 G71
_wDEWEY
_c43737
_i28694
_f2021-11-12
_g5
_lCCODEBUL1
_mBUL
_r0
_sY
_tBOOK
_u2015-4-23
_xTEOLOGIA
_zUNKNOWN
_0COMPRA
_o.STAFF. Colección General
_d43737
999 _a261.83 G71
_wDEWEY
_c2
_i19548
_f2021-11-12
_g5
_lCCODEBUL1
_mBUL
_r0
_sY
_tBOOK
_u2015-6-16
_xTEOLOGIA
_zUNKNOWN
_0COMPRA
_o.STAFF. Colección General
980 _81
_gALBERTO SANCHEZ Responsable de Automatización